000 00927nam a22002417a 4500
005 20240530110341.0
008 141112s2011 ua gr 000 0 ara d
017 _a17348/2010
_bمصر . دار الكتب المصرية
020 _a9789773287743
040 _aEG-CaGPL
082 0 4 _221
_a346.072\
_bأ ض
100 0 _aاسامة احمد بدر
245 1 0 _aضمانات المشترى فى عقد البيع الالكترونى :
_bدراسة مقارنة /
_cاسامة احمد بدر
250 _aط 1
260 _aالاسكندرية :
_bدار الجامعة الجديدة ،
_c2011
300 _a158 ص ؛
_c24 سم
650 0 4 _aالتجارة الالكترونية
650 0 4 _aالعقود الالكترونية
650 0 4 _aحماية المستهلك
650 0 4 _aحماية المستهلك عبر الانترنت
942 _2ddc
_cBK
999 _c59881
_d59881